LEADER 01179nam a2200253 i 4500 001 000000009622 003 CaOOAMICUS 005 20180830125440.0 008 180830s2001 it u000 u ita u 040 $aSeMil$bita 100 1 $aBeltrame Quattrocchi, Luigi .$0(OLS)http://semarc/name/4744 245 10$aLettere d'amore /$cLuigi e Maria Beltrame Quattrocchi. 260 $aRoma :$bCittà Nuova,$ccopyr. 2001. 300 $a2 v. ;$c22 cm. 500 $aFondo Card. C.M. Martini. 650 4$aBeltrame Quattrocchi, Luigi - Lettere e carteggi.$0(OLS)http://semarc/subject/1497 650 4$aCorsini, Maria - Lettere e carteggi.$0(OLS)http://semarc/subject/1498 700 1 $aBeltrame Quattrocchi, Maria .$0(OLS)http://semarc/name/4745 773 0 $tTestimoni.$dRoma : Città Nuova, [1999?]$w()5561 774 0 $tDal campo base alla vetta.$kTestimoni$z88-311-5481-8$w()116819 774 0 $tDialogando con i figli.$kTestimoni$z88-311-5482-6$w()116823 941 1 $a4 996 $6245$aLettere d'amore$9(OLS)http://semarc/title/12711 996 $6260$aRoma :$bCittà Nuova$9(OLS)http://semarc/publisher/29609 LEADER 00565nab a2200145 i 4500 001 000000270788 003 CaOOAMICUS 005 20090306000000.0 008 090306n xx uu u0 0und r 013 $a17635 040 $aSeMil$bita 245 10$aGiusto clima :$bambiente e lotta alla povertà. - 82 p. - Titolo principale dalla copertina. 500 $aMARZO 2009. 773 0 $t[2009 : Gennaio-Maggio].$dMilano : PIMEdit, 2009.$w()177521 996 $6245$aGiusto clima :$bambiente e lotta alla povertà. - 82 p. - Titolo principale dalla copertina.$9(OLS)http://semarc/title/359649